01375nam a22002537a 450000500170000000800410001702000180005804100080007608200200008424501390010426000970024330000480034050400690038865000340045765000290049165000710052065000500059165000870064165100540072870000260078270001150080871000920092370001060101520200124110708.0120411s2011 ck abo fr 000 0 spa d a9789588343600 aspa04a333.9528bL347b00aBiodiversidad de la cuenca del OrinocobÁreas prioritarias para la conservación y uso sostenibleced. Carlos A. Lasso ... [et al.] aBogotábInstituto de Investigación de Recursos Biológicos Alexander von Humboldtc2011 a303 p.bil., mapas, tablase2 mapasc29 cm. aIncluye referencias bibliográficas al final de cada capítulo17aBiodiversidadxConservación17aBiodiversidad acuática10aDesarrollo sosteniblexAspectos ambientaleszOrinoquíazColombia10aDiversidad biológicazOrinoquíazColombia17aCuencas hidrográficasxAspectos ambientalesxObras ilustradaszOrinocozColombia 7aOrinoco (Colombia : cuenca)xAspectos ambientales1 aLasso, Carlos A.eed.1 aAnuis Palma, Doris N.uUniversidad Nacional de Colombia (Orinoquía). Instituto de Estudios de la Orinoquía2 aUniversidad Nacional de Colombia (Orinoquía)bInstituto de Estudios de la Orinoquía1 aMojica Corzo, José Ivánd1957-uUniversidad Nacional de Colombia (Bogotá). Facultad de Ciencias